00448nam a2200169Ia 450000500170000000800410001702000180005804100080007608200150008410000170009924500470011626000330016330000090019650000280020565000280023370000170026120251120132045.0230125s9999 xx 000 0 und d a0-553-27332-9 aeng a158.1bSTE aSchuller R H aTough Times Never Last But Tough People Do c1984bBantam booksaNew York a237p aPersonality Development aPersonality Development aSchuller R H